[Event "Campeonato de España sub-16 2011"]
[Site "Padron ESP"]
[Date "2011.07.19"]
[Round "1.1"]
[White "Anton Guijarro, David"]
[Black "Gonzalez Benavides, Jose Antoni"]
[Result "1-0"]
[WhiteElo "2473"]
[BlackElo "1823"]
[PlyCount "113"]
[EventDate "2011.07.19"]
[EventType "swiss"]
[EventRounds "9"]
[EventCountry "ESP"]
[Source "lmi"]
[SourceDate "2011.07.19"]

1. c4 c6 2. e3 d5 3. Nc3 Nf6 4. Nf3 e6 5. d4 Nbd7 6. Qc2 Bd6 7. Be2 O-O 8. O-O
e5 9. cxd5 cxd5 10. dxe5 Nxe5 11. Rd1 Qc7 12. h3 Rd8 13. Bd2 Be6 14. Nd4 a6 15.
Rac1 Rac8 16. Qb1 Qd7 17. Bf1 Bb8 18. Be1 Qd6 19. f4 Nc4 20. Bxc4 Rxc4 21. Bh4
Re8 22. Bxf6 gxf6 23. b3 Rcc8 24. Qd3 Kh8 25. Nce2 Rcd8 26. Rf1 Rg8 27. Rf3 Qf8
28. Ng3 Qh6 29. Ngf5 Qh5 30. g4 Qg6 31. Kf2 Rde8 32. Ke2 Rc8 33. Rxc8 Rxc8 34.
Ne7 Qxd3+ 35. Kxd3 Rc1 36. f5 Bd7 37. Nxd5 Be5 38. Rf2 Rh1 39. Nf4 Kg8 40. Ke4
Kf8 41. Nd3 Bd6 42. Kd5 Ke7 43. g5 Be5 44. Nxe5 fxe5 45. Kxe5 Rxh3 46. e4 Rg3
47. Nf3 Rg4 48. f6+ Kd8 49. Rh2 Bc6 50. Rh4 Rxh4 51. Nxh4 a5 52. a3 Ke8 53. Nf5
Kf8 54. Nd4 Be8 55. Kd6 b5 56. b4 axb4 57. axb4 1-0

[Event "Campeonato de España sub-16 2011"]
[Site "Padron ESP"]
[Date "2011.07.19"]
[Round "1.2"]
[White "Suarez Gomez, Julio"]
[Black "Pardo Simon, David"]
[Result "0-1"]
[WhiteElo "1819"]
[BlackElo "2388"]
[PlyCount "94"]
[EventDate "2011.07.19"]
[EventType "swiss"]
[EventRounds "9"]
[EventCountry "ESP"]
[Source "lmi"]
[SourceDate "2011.07.19"]

1. e4 c5 2. d3 e6 3. g3 Nc6 4. Bg2 d5 5. Nd2 g6 6. f4 Bg7 7. Ngf3 Nge7 8. O-O
O-O 9. e5 f6 10. exf6 Bxf6 11. Re1 b5 12. Kh1 a5 13. Nf1 Nf5 14. Rb1 Qd6 15.
Ne3 h5 16. Nxf5 exf5 17. Be3 d4 18. Bf2 Ra7 19. Qd2 Be6 20. a3 Ba2 21. Rbd1 Bd5
22. Re2 Ne7 23. Ne5 Bxg2+ 24. Kxg2 Bxe5 25. Rxe5 Nc6 26. Re2 h4 27. gxh4 Ne7
28. Rde1 Nd5 29. Re5 Re7 30. Rxe7 Nxe7 31. Re5 Nd5 32. Kg3 Nf6 33. h3 b4 34.
axb4 axb4 35. Kh2 Nd5 36. Bg1 Rf6 37. Kg3 Rf7 38. Qg2 Nf6 39. Kf2 Kh7 40. Qf3
c4 41. Qe2 b3 42. Kg2 Nh5 43. Bh2 Qc6+ 44. Kg1 c3 45. Re6 Qc7 46. Qg2 Rg7 47.
Rc6 cxb2 0-1

[Event "Campeonato de España sub-16 2011"]
[Site "Padron ESP"]
[Date "2011.07.19"]
[Round "1.3"]
[White "Sanchez Ibern, Marc"]
[Black "Abal Cores, Lucas"]
[Result "1-0"]
[WhiteElo "2327"]
[BlackElo "1815"]
[PlyCount "65"]
[EventDate "2011.07.19"]
[EventType "swiss"]
[EventRounds "9"]
[EventCountry "ESP"]
[Source "lmi"]
[SourceDate "2011.07.19"]

1. Nf3 d5 2. b3 Nf6 3. Bb2 e6 4. c4 Nbd7 5. g3 Bd6 6. Bg2 O-O 7. O-O b6 8. Nc3
c5 9. cxd5 exd5 10. d4 Bb7 11. Nh4 Re8 12. dxc5 Bxc5 13. Nf5 Nf8 14. Qd3 Qd7
15. Rad1 Rad8 16. Nb5 a6 17. Bxf6 gxf6 18. Nbd4 Ng6 19. Qf3 Bf8 20. Qh5 Bc8 21.
Rd3 Re5 22. Rf3 Qc7 23. g4 Bg7 24. Rh3 Nf8 25. f4 Bxf5 26. fxe5 Bg6 27. Qh4 Qc5
28. e3 Re8 29. exf6 Bh8 30. Nf5 Ne6 31. Ne7+ Kf8 32. Qh6+ Bg7 33. Nxg6+ 1-0

[Event "Campeonato de España sub-16 2011"]
[Site "Padron ESP"]
[Date "2011.07.19"]
[Round "1.4"]
[White "Capote Robayna, Johanna"]
[Black "Ladron De Guevara Pinto, Paolo"]
[Result "0-1"]
[WhiteElo "1807"]
[BlackElo "2269"]
[PlyCount "62"]
[EventDate "2011.07.19"]
[EventType "swiss"]
[EventRounds "9"]
[EventCountry "ESP"]
[Source "lmi"]
[SourceDate "2011.07.19"]

1. e4 e6 2. d4 d5 3. Nc3 Bb4 4. Nge2 dxe4 5. a3 Be7 6. Nxe4 Nf6 7. Nxf6+ Bxf6
8. Be3 O-O 9. Qd2 a5 10. g4 e5 11. d5 Bxg4 12. Bg2 Ra6 13. O-O-O Bxe2 14. Qxe2
Bg5 15. h4 Bxe3+ 16. fxe3 f5 17. Qc4 Kh8 18. Qc3 Qe7 19. h5 a4 20. Rdf1 Raf6
21. Bh3 Na6 22. Rf3 Nc5 23. Rhf1 Ne4 24. Qe1 Ng5 25. Rg3 Nxh3 26. Rxh3 Qf7 27.
Qd2 f4 28. exf4 exf4 29. Rhf3 Qxh5 30. Rxf4 Rxf4 31. Rxf4 Qh1+ 0-1

[Event "Campeonato de España sub-16 2011"]
[Site "Padron ESP"]
[Date "2011.07.19"]
[Round "1.5"]
[White "Cruz Lledo, Pablo"]
[Black "Colas Perez, Patricia"]
[Result "1-0"]
[WhiteElo "2269"]
[BlackElo "1804"]
[PlyCount "63"]
[EventDate "2011.07.19"]
[EventType "swiss"]
[EventRounds "9"]
[EventCountry "ESP"]
[Source "lmi"]
[SourceDate "2011.07.19"]

1. d4 d5 2. Nf3 Nf6 3. e3 e6 4. Bd3 Bd6 5. b3 Nbd7 6. Bb2 b6 7. Ne5 Bb7 8. O-O
c5 9. Nd2 Rc8 10. f4 cxd4 11. exd4 Bb4 12. Ndf3 O-O 13. Qe2 Qe7 14. f5 Ne4 15.
fxe6 Nxe5 16. Nxe5 Qxe6 17. Bxe4 dxe4 18. c4 f6 19. Nd3 Qe7 20. Nf4 Bd6 21. d5
Bxf4 22. Rxf4 Rce8 23. g4 Bc8 24. Re1 f5 25. gxf5 Bxf5 26. Qe3 Bg6 27. Ref1
Rxf4 28. Rxf4 Rf8 29. Rxf8+ Qxf8 30. Qd4 Bf5 31. h4 Qf7 32. Qe5 1-0

[Event "Campeonato de España sub-16 2011"]
[Site "Padron ESP"]
[Date "2011.07.19"]
[Round "1.6"]
[White "Castillo Martinez, Eloi"]
[Black "Suarez Garcia, Carlos"]
[Result "0-1"]
[WhiteElo "1800"]
[BlackElo "2250"]
[PlyCount "104"]
[EventDate "2011.07.19"]
[EventType "swiss"]
[EventRounds "9"]
[EventCountry "ESP"]
[Source "lmi"]
[SourceDate "2011.07.19"]

1. e4 c5 2. Nf3 e6 3. d4 cxd4 4. Nxd4 Nc6 5. Nc3 Qc7 6. Be2 a6 7. O-O Nf6 8.
Be3 Bb4 9. Na4 Be7 10. Nxc6 bxc6 11. Nb6 Rb8 12. Nxc8 Qxc8 13. Bd4 c5 14. Be5
Rb6 15. Qd3 O-O 16. b3 d6 17. Bb2 d5 18. exd5 Nxd5 19. Qg3 Bf6 20. Bxf6 Nxf6
21. Bc4 Qb8 22. Qxb8 Rfxb8 23. Rfe1 Kf8 24. Rad1 Ke7 25. Kf1 Rd8 26. Rxd8 Kxd8
27. Rd1+ Kc7 28. f3 a5 29. Ke2 Rd6 30. Rxd6 Kxd6 31. Kd3 Nd7 32. f4 Nf6 33. h3
Nd7 34. g4 f6 35. Ke4 Nb6 36. Kd3 h6 37. h4 g6 38. Bb5 Nd5 39. Kc4 Nxf4 40. Be8
g5 41. hxg5 hxg5 42. Kb5 f5 43. Bh5 e5 44. Kc4 e4 45. Kc3 Nd5+ 46. Kd2 f4 47.
Bg6 Ke5 48. a3 f3 49. Ke1 e3 50. Bd3 Kf4 51. Bf5 Kg3 52. Kf1 Nf4 0-1

[Event "Campeonato de España sub-16 2011"]
[Site "Padron ESP"]
[Date "2011.07.19"]
[Round "1.7"]
[White "Alcaraz Ortega, Javier"]
[Black "Rey Malde, Henrique"]
[Result "1-0"]
[WhiteElo "2248"]
[BlackElo "1798"]
[PlyCount "61"]
[EventDate "2011.07.19"]
[EventType "swiss"]
[EventRounds "9"]
[EventCountry "ESP"]
[Source "lmi"]
[SourceDate "2011.07.19"]

1. d4 Nf6 2. Nf3 e6 3. c4 b6 4. g3 Ba6 5. Qa4 Bb7 6. Bg2 c5 7. dxc5 Bxc5 8. Nc3
O-O 9. O-O Be7 10. Bf4 Na6 11. Rfd1 Nc5 12. Qc2 a6 13. Rac1 Qc8 14. b4 Nce4 15.
Na4 Qd8 16. Nd2 b5 17. Nxe4 Nxe4 18. cxb5 axb5 19. Bc7 Qe8 20. Nb6 f5 21. Nxa8
Bxa8 22. a4 Bxb4 23. axb5 d5 24. b6 Bb7 25. e3 g5 26. Be5 Qh5 27. Qc7 Rf7 28.
Qb8+ Bf8 29. f3 f4 30. exf4 gxf4 31. Bxf4 1-0

[Event "Campeonato de España sub-16 2011"]
[Site "Padron ESP"]
[Date "2011.07.19"]
[Round "1.8"]
[White "Mercado Larrea, Adrian"]
[Black "Santos Latasa, Jaime"]
[Result "0-1"]
[WhiteElo "1782"]
[BlackElo "2242"]
[PlyCount "76"]
[EventDate "2011.07.19"]
[EventType "swiss"]
[EventRounds "9"]
[EventCountry "ESP"]
[Source "lmi"]
[SourceDate "2011.07.19"]

1. e4 c6 2. Nc3 d5 3. Nf3 Nf6 4. e5 Ne4 5. d4 Qa5 6. Bd2 Nxd2 7. Qxd2 e6 8. Ne2
Qxd2+ 9. Nxd2 c5 10. c3 Nc6 11. f4 f6 12. Nf3 Be7 13. O-O-O O-O 14. g3 Bd7 15.
Bh3 fxe5 16. Nxe5 Nxe5 17. dxe5 Rad8 18. f5 exf5 19. Rxd5 Bc6 20. Rxd8 Rxd8 21.
Rd1 Be4 22. e6 g6 23. Nf4 Rxd1+ 24. Kxd1 g5 25. Ne2 Kg7 26. c4 Bf6 27. b3 Be5
28. Kd2 Kf6 29. Nc1 Kxe6 30. Nd3 Bd4 31. Bf1 b6 32. a3 Kd6 33. b4 h6 34. Nc1
Bb2 35. bxc5+ bxc5 36. a4 Bxc1+ 37. Kxc1 a5 38. Be2 Ke5 0-1

[Event "Campeonato de España sub-16 2011"]
[Site "Padron ESP"]
[Date "2011.07.19"]
[Round "1.9"]
[White "Meneses Gonzalez, Kevin Moises"]
[Black "Rodriguez Garcia, Carlos"]
[Result "1/2-1/2"]
[WhiteElo "2226"]
[BlackElo "1761"]
[PlyCount "108"]
[EventDate "2011.07.19"]
[EventType "swiss"]
[EventRounds "9"]
[EventCountry "ESP"]
[Source "lmi"]
[SourceDate "2011.07.19"]

1. e4 e6 2. d4 d5 3. Nc3 Nf6 4. Bg5 Bb4 5. e5 h6 6. Bc1 Bxc3+ 7. bxc3 Ne4 8.
Qg4 g6 9. Ne2 c5 10. f3 Ng5 11. h4 Nh7 12. Bxh6 Nc6 13. h5 g5 14. f4 Rg8 15.
fxg5 Nxg5 16. Rh3 f5 17. Qg3 Kf7 18. Bxg5 Qxg5 19. Qxg5 Rxg5 20. O-O-O Bd7 21.
Nf4 Rg4 22. Rf3 Rag8 23. Bb5 Nxe5 24. Bxd7 Nxd7 25. Re1 Re8 26. Nxd5 cxd4 27.
cxd4 Rxd4 28. Nc7 Re7 29. Nb5 Rh4 30. Nxa7 Nf6 31. Nb5 Rd7 32. Rd1 Ke7 33.
Rxd7+ Kxd7 34. Rd3+ Ke7 35. Nd6 Nxh5 36. Nxb7 Ra4 37. Rh3 Nf4 38. Rh7+ Kf6 39.
g3 Ne2+ 40. Kd2 Nxg3 41. Rh6+ Ke5 42. Rxe6+ Kxe6 43. Nc5+ Kd5 44. Nxa4 f4 45.
Nc3+ Kc4 46. Nd1 Ne4+ 47. Ke2 Kb4 48. Kd3 Nd6 49. Nc3 f3 50. Nd5+ Ka3 51. Ke3
Kxa2 52. Kxf3 Kb2 53. Ne3 Nc4 54. Nxc4+ Kxc2 1/2-1/2

[Event "Campeonato de España sub-16 2011"]
[Site "Padron ESP"]
[Date "2011.07.19"]
[Round "1.10"]
[White "Ponce Cano, Adrian"]
[Black "Fernandez Lledo, Javier"]
[Result "0-1"]
[WhiteElo "1748"]
[BlackElo "2204"]
[PlyCount "92"]
[EventDate "2011.07.19"]
[EventType "swiss"]
[EventRounds "9"]
[EventCountry "ESP"]
[Source "lmi"]
[SourceDate "2011.07.19"]

1. e4 c5 2. Nf3 d6 3. d3 Nc6 4. g3 g6 5. Bg2 Bg7 6. O-O e5 7. Nc3 Nge7 8. Nh4
O-O 9. f4 exf4 10. gxf4 Nd4 11. Ne2 Nec6 12. Nf3 Bg4 13. c3 Nxf3+ 14. Bxf3 Bxf3
15. Rxf3 d5 16. Be3 d4 17. Bf2 Qe7 18. c4 f5 19. Ng3 fxe4 20. Nxe4 Bh6 21. Bg3
Rf5 22. h4 Raf8 23. Ng5 Bxg5 24. hxg5 Nd8 25. Qf1 Qf7 26. Re1 Ne6 27. Rxe6 Qxe6
28. Kg2 Re8 29. Qc1 Qe2+ 30. Bf2 Ref8 31. Qe1 Qxe1 32. Bxe1 Rxf4 33. Rh3 Rf1
34. Bg3 Rb1 35. Bd6 Rxb2+ 36. Kg3 Rf5 37. Kh4 Rg2 38. Rh1 Rfxg5 39. Kh3 Rg1 40.
Rxg1 Rxg1 41. Bxc5 Rd1 42. Bxa7 Rxd3+ 43. Kg4 Rc3 44. Kf4 Rxc4 45. Ke4 Ra4 46.
Bxd4 Rxa2 0-1

[Event "Campeonato de España sub-16 2011"]
[Site "Padron ESP"]
[Date "2011.07.19"]
[Round "1.11"]
[White "Tallo Dominguez, Imar"]
[Black "Barrio Ungidos, Ibon"]
[Result "1-0"]
[WhiteElo "2176"]
[BlackElo "1736"]
[PlyCount "49"]
[EventDate "2011.07.19"]
[EventType "swiss"]
[EventRounds "9"]
[EventCountry "ESP"]
[Source "lmi"]
[SourceDate "2011.07.19"]

1. Nf3 d5 2. g3 c6 3. Bg2 Bf5 4. O-O h6 5. d3 Nf6 6. Nbd2 Qc7 7. Re1 e5 8. e4
dxe4 9. Nxe4 Nxe4 10. dxe4 Be6 11. Nh4 Nd7 12. Be3 Rd8 13. Qe2 g6 14. f4 exf4
15. gxf4 Be7 16. Qf2 Bc4 17. b3 Ba6 18. e5 b6 19. e6 Nf6 20. f5 Ng4 21. exf7+
Kd7 22. Bf4 Bxh4 23. Qf3 Qb7 24. Qxg4 Bf6 25. fxg6# 1-0

[Event "Campeonato de España sub-16 2011"]
[Site "Padron ESP"]
[Date "2011.07.19"]
[Round "1.12"]
[White "Juanes Garcia, Olaya"]
[Black "Aranaz Murillo, Amalia"]
[Result "0-1"]
[WhiteElo "1735"]
[BlackElo "2176"]
[PlyCount "66"]
[EventDate "2011.07.19"]
[EventType "swiss"]
[EventRounds "9"]
[EventCountry "ESP"]
[Source "lmi"]
[SourceDate "2011.07.19"]

1. e4 c6 2. d4 d5 3. Nc3 dxe4 4. Nxe4 Bf5 5. Ng3 Bg6 6. h4 h6 7. Nf3 Nd7 8. h5
Bh7 9. Bd3 Bxd3 10. Qxd3 e6 11. Bd2 Ngf6 12. O-O-O Be7 13. Kb1 O-O 14. Qe2 Qb6
15. Bc1 c5 16. Ne4 Nxe4 17. Qxe4 Nf6 18. Qe2 Rfd8 19. Ne5 Rxd4 20. Rxd4 cxd4
21. g4 Nd5 22. Qf1 Nc3+ 23. Ka1 Nxa2 24. Kxa2 Qa5+ 25. Kb1 Qxe5 26. f4 Qd5 27.
Rg1 Rd8 28. Qh3 Rd6 29. g5 Ra6 30. b3 Qa5 31. Bb2 Qa2+ 32. Kc1 Ba3 33. gxh6
Qxb2+ 0-1

[Event "Campeonato de España sub-16 2011"]
[Site "Padron ESP"]
[Date "2011.07.19"]
[Round "1.13"]
[White "Navarrete Espi, Samuel"]
[Black "Juan Delgado, Adrian"]
[Result "1-0"]
[WhiteElo "2169"]
[BlackElo "1732"]
[PlyCount "57"]
[EventDate "2011.07.19"]
[EventType "swiss"]
[EventRounds "9"]
[EventCountry "ESP"]
[Source "lmi"]
[SourceDate "2011.07.19"]

1. e4 e6 2. d4 d5 3. Nc3 dxe4 4. Nxe4 Bd7 5. Nf3 Bc6 6. Bd3 Nd7 7. c3 Ngf6 8.
Ng3 Be7 9. O-O O-O 10. Re1 b6 11. Ne5 Nxe5 12. Rxe5 Bd6 13. Re1 Bb7 14. Nh5 Re8
15. Bg5 Bxh2+ 16. Kxh2 Qd5 17. Nxf6+ gxf6 18. Be4 Qd6+ 19. g3 Bxe4 20. Bxf6 Qd5
21. Qg4+ Bg6 22. Re5 Qd6 23. Kg2 Rec8 24. Rae1 Qc6+ 25. f3 Qa4 26. Qg5 Qe8 27.
Rh1 Qf8 28. Qg4 Qd6 29. Rxh7 1-0

[Event "Campeonato de España sub-16 2011"]
[Site "Padron ESP"]
[Date "2011.07.19"]
[Round "1.14"]
[White "Kalynovsky, Martin"]
[Black "Villasenor Rubio, Emilio Jose"]
[Result "0-1"]
[WhiteElo "1712"]
[BlackElo "2159"]
[PlyCount "76"]
[EventDate "2011.07.19"]
[EventType "swiss"]
[EventRounds "9"]
[EventCountry "ESP"]
[Source "lmi"]
[SourceDate "2011.07.19"]

1. e4 c5 2. Nf3 Nc6 3. d4 cxd4 4. Nxd4 g6 5. Nc3 Bg7 6. Be3 Nf6 7. Bc4 O-O 8.
O-O d6 9. h3 Bd7 10. Bb3 a5 11. a4 Rc8 12. Kh2 Nxd4 13. Bxd4 Bc6 14. f3 e6 15.
Qd3 Qc7 16. f4 e5 17. fxe5 dxe5 18. Bf2 Nh5 19. Qe3 Rcd8 20. Rad1 Rd4 21. g3
Nf6 22. Rfe1 Rfd8 23. Qf3 Rxd1 24. Rxd1 Rxd1 25. Qxd1 Nxe4 26. Nxe4 Bxe4 27.
Qd2 Bc6 28. Qe3 Qd7 29. Be1 Qd1 30. Qf2 Bf3 31. Qd2 e4 32. Qxd1 Bxd1 33. Bxa5
Bxb2 34. Kg2 Bd4 35. Bd5 b6 36. c3 bxa5 37. cxd4 Bxa4 38. Bxe4 Bb3 0-1

[Event "Campeonato de España sub-16 2011"]
[Site "Padron ESP"]
[Date "2011.07.19"]
[Round "1.15"]
[White "Quintin Navarro, Alberto"]
[Black "Varela Fernandez, Andres"]
[Result "1-0"]
[WhiteElo "2153"]
[BlackElo "1709"]
[PlyCount "101"]
[EventDate "2011.07.19"]
[EventType "swiss"]
[EventRounds "9"]
[EventCountry "ESP"]
[Source "lmi"]
[SourceDate "2011.07.19"]

1. d4 d5 2. c4 e6 3. Nf3 Nf6 4. g3 c6 5. Bg2 Nbd7 6. Qc2 Bd6 7. Nbd2 O-O 8. O-O
Re8 9. Rd1 Qe7 10. e4 dxe4 11. Nxe4 Nxe4 12. Qxe4 e5 13. Bg5 f6 14. Be3 exd4
15. Qxe7 Rxe7 16. Bxd4 Ne5 17. Bxe5 Bxe5 18. Rd8+ Kf7 19. Bh3 Re8 20. Rxe8 Kxe8
21. Bxc8 Rxc8 22. Nxe5 fxe5 23. Re1 Kf7 24. Rxe5 Rd8 25. Re2 Rd4 26. b3 a5 27.
a4 Kf6 28. Kg2 Rd3 29. Re3 Rxe3 30. fxe3 Ke5 31. Kf3 Kf5 32. e4+ Ke5 33. Ke3 c5
34. h4 g6 35. Kf3 h6 36. Ke3 g5 37. hxg5 hxg5 38. Kf3 b6 39. Kg4 Kxe4 40. Kxg5
Kd4 41. Kf4 Kc3 42. g4 Kxb3 43. g5 Kxc4 44. g6 Kb4 45. g7 Kxa4 46. g8=Q b5 47.
Ke3 c4 48. Kd2 Kb4 49. Kc2 Kc5 50. Qf8+ Kb6 51. Qd6+ 1-0

[Event "Campeonato de España sub-16 2011"]
[Site "Padron ESP"]
[Date "2011.07.19"]
[Round "1.16"]
[White "Gomez Dieguez, Adrian"]
[Black "Ballester Llagaria, Luis Eduard"]
[Result "0-1"]
[WhiteElo "1698"]
[BlackElo "2139"]
[PlyCount "58"]
[EventDate "2011.07.19"]
[EventType "swiss"]
[EventRounds "9"]
[EventCountry "ESP"]
[Source "lmi"]
[SourceDate "2011.07.19"]

1. e4 c5 2. d4 cxd4 3. c3 d5 4. Qxd4 dxe4 5. Qxe4 Nf6 6. Qc2 Nc6 7. Nf3 e5 8.
Be3 Be7 9. Nbd2 Ng4 10. Rd1 Nxe3 11. fxe3 O-O 12. Bd3 f5 13. O-O Kh8 14. Bc4
Qb6 15. Rfe1 f4 16. Nf1 fxe3 17. Nxe3 Bc5 18. Qc1 Bg4 19. Bd5 e4 20. Kh1 Bxe3
21. Rxe3 exf3 22. Bxf3 Bxf3 23. Rxf3 Rxf3 24. gxf3 Rf8 25. Re1 Qf2 26. b4 Qxf3+
27. Kg1 h6 28. b5 Rf6 29. Qc2 Ne5 0-1

[Event "Campeonato de España sub-16 2011"]
[Site "Padron ESP"]
[Date "2011.07.19"]
[Round "2.1"]
[White "Sierra Montoya, Miquel"]
[Black "Anton Guijarro, David"]
[Result "0-1"]
[WhiteElo "1977"]
[BlackElo "2473"]
[PlyCount "54"]
[EventDate "2011.07.19"]
[EventType "swiss"]
[EventRounds "9"]
[EventCountry "ESP"]
[Source "lmi"]
[SourceDate "2011.07.19"]

1. e4 e6 2. Nf3 d5 3. Nc3 Nf6 4. e5 Nfd7 5. d4 c5 6. Bg5 Qb6 7. dxc5 Bxc5 8.
Qd2 Nc6 9. O-O-O Bxf2 10. Bd3 h6 11. Na4 Qb4 12. Qxb4 Nxb4 13. Bd2 Nc6 14. Rhf1
Bb6 15. Rde1 Bc7 16. Bb5 O-O 17. g4 Ndxe5 18. Bxc6 Nxc6 19. g5 hxg5 20. Nxg5 b6
21. Nc3 Bd7 22. Ne2 f6 23. Nf3 e5 24. Nh4 Kh7 25. Rg1 Rf7 26. Ref1 Bd6 27. Rg6
Ne7 0-1

[Event "Campeonato de España sub-16 2011"]
[Site "Padron ESP"]
[Date "2011.07.19"]
[Round "2.2"]
[White "Pardo Simon, David"]
[Black "Delisau Gil, Oriol"]
[Result "1-0"]
[WhiteElo "2388"]
[BlackElo "1977"]
[PlyCount "53"]
[EventDate "2011.07.19"]
[EventType "swiss"]
[EventRounds "9"]
[EventCountry "ESP"]
[Source "lmi"]
[SourceDate "2011.07.19"]

1. e4 c5 2. Nf3 Nc6 3. d4 cxd4 4. Nxd4 g6 5. Nc3 Bg7 6. Be3 Nf6 7. Bc4 O-O 8.
Bb3 a5 9. O-O a4 10. Nxa4 Nxe4 11. Nb5 d5 12. Bb6 Qd7 13. Qe2 Ra6 14. Rad1 e6
15. c4 Nf6 16. Nc5 Qe7 17. Nxa6 bxa6 18. cxd5 Nxd5 19. Bxd5 exd5 20. Qxe7 Nxe7
21. Nc7 Bb7 22. Rfe1 Nc8 23. Bd4 Rd8 24. Ne8 Bxd4 25. Rxd4 f5 26. Nc7 Kf7 27.
Ne6 1-0

[Event "Campeonato de España sub-16 2011"]
[Site "Padron ESP"]
[Date "2011.07.19"]
[Round "2.3"]
[White "Gomez Dieguez, David"]
[Black "Sanchez Ibern, Marc"]
[Result "0-1"]
[WhiteElo "1968"]
[BlackElo "2327"]
[PlyCount "94"]
[EventDate "2011.07.19"]
[EventType "swiss"]
[EventRounds "9"]
[EventCountry "ESP"]
[Source "lmi"]
[SourceDate "2011.07.19"]

1. e4 c5 2. Ne2 Nc6 3. Nbc3 d6 4. g3 g6 5. Bg2 Bg7 6. O-O e6 7. d3 Nge7 8. Be3
O-O 9. Qd2 Nd4 10. Nd1 Nxe2+ 11. Qxe2 f5 12. f4 Rb8 13. a4 b6 14. c4 Bb7 15.
Bd2 Nc6 16. Bc3 Nd4 17. Qf2 a5 18. Ne3 Qd7 19. Nc2 e5 20. Bxd4 cxd4 21. exf5
gxf5 22. Bxb7 Rxb7 23. Qf3 Rc7 24. Na3 Rc5 25. b3 Qc6 26. Qxc6 Rxc6 27. Rae1 h6
28. Kg2 Kh7 29. Kf3 Kg6 30. fxe5 dxe5 31. g4 Rcf6 32. gxf5+ Rxf5+ 33. Ke2 Rh5
34. Rg1+ Kh7 35. Rg2 Rh3 36. Nb5 Rff3 37. Reg1 Re3+ 38. Kd2 Rxd3+ 39. Kc2 Bf6
40. Rg3 e4 41. R1g2 Rxh2 42. Rxh2 Rxg3 43. Nd6 Rc3+ 44. Kb2 Be5 45. Rd2 Bxd6
46. Rxd4 Be5 47. Kxc3 e3 0-1

[Event "Campeonato de España sub-16 2011"]
[Site "Padron ESP"]
[Date "2011.07.19"]
[Round "2.4"]
[White "Ladron De Guevara Pinto, Paolo"]
[Black "Sanchez Garcia, Julio"]
[Result "1-0"]
[WhiteElo "2269"]
[BlackElo "1972"]
[PlyCount "69"]
[EventDate "2011.07.19"]
[EventType "swiss"]
[EventRounds "9"]
[EventCountry "ESP"]
[Source "lmi"]
[SourceDate "2011.07.19"]

1. e4 e6 2. d4 d5 3. Nd2 Nf6 4. e5 Nfd7 5. Bd3 c5 6. c3 Nc6 7. Ne2 cxd4 8. cxd4
f6 9. exf6 Nxf6 10. O-O Bd6 11. f4 O-O 12. Nf3 Qb6 13. Kh1 Bd7 14. a3 a5 15.
Nc3 Rae8 16. g3 Ne7 17. Rb1 Rc8 18. Be3 Nf5 19. Bg1 Bc6 20. Ng5 Rfe8 21. g4 Nh6
22. h3 Nf7 23. Nxf7 Kxf7 24. g5 Ne4 25. Bxe4 dxe4 26. d5 Qc7 27. dxc6 Qxc6 28.
Qe2 e3+ 29. Qf3 Bxa3 30. bxa3 Qxc3 31. Rxb7+ Re7 32. Rxe7+ Kxe7 33. Bxe3 Qc6
34. Qxc6 Rxc6 35. Rc1 1-0

[Event "Campeonato de España sub-16 2011"]
[Site "Padron ESP"]
[Date "2011.07.19"]
[Round "2.5"]
[White "Diaz Camallonga, Carles"]
[Black "Cruz Lledo, Pablo"]
[Result "1/2-1/2"]
[WhiteElo "1958"]
[BlackElo "2269"]
[PlyCount "131"]
[EventDate "2011.07.19"]
[EventType "swiss"]
[EventRounds "9"]
[EventCountry "ESP"]
[Source "lmi"]
[SourceDate "2011.07.19"]

1. e4 c6 2. Nf3 g6 3. d4 Bg7 4. c3 d5 5. exd5 Qxd5 6. Nbd2 Bg4 7. Bc4 Bxf3 8.
Qxf3 Qxf3 9. Nxf3 Nf6 10. O-O O-O 11. Re1 e6 12. Bf4 Nbd7 13. Bb3 Rfe8 14. Rad1
Rad8 15. Ne5 h6 16. Nc4 Nd5 17. Bg3 Nf8 18. Na5 Rd7 19. a4 Nb6 20. h4 Nh7 21.
Be5 Bf8 22. g4 Be7 23. Bg3 Bd8 24. Nc4 Nxc4 25. Bxc4 g5 26. hxg5 hxg5 27. Kg2
Nf8 28. Rh1 Ng6 29. Rde1 Bc7 30. Rh5 Nf4+ 31. Bxf4 Bxf4 32. Reh1 Kf8 33. Rh8+
Ke7 34. Rxe8+ Kxe8 35. Re1 Ke7 36. Kf3 Rd8 37. Bf1 Kf6 38. Bc4 Rh8 39. Bf1 Rh1
40. Kg2 Rh2+ 41. Kf3 Ke7 42. c4 Kd6 43. b3 Rh6 44. Rd1 Rf6 45. Ke2 a5 46. Bg2
Rh6 47. Rh1 Rf6 48. Rd1 Rg6 49. Be4 Rg8 50. Rh1 Rd8 51. Rd1 Re8 52. Bf3 f6 53.
Kd3 e5 54. Re1 Rd8 55. d5 Kc5 56. Kc3 b5 57. axb5 cxb5 58. Be4 Rb8 59. Ra1 b4+
60. Kd3 Ra8 61. Bf3 Ra7 62. Be4 Kb6 63. Bf3 Kc5 64. Be4 Kb6 65. Bf3 Kc5 66. Ke4
1/2-1/2

[Event "Campeonato de España sub-16 2011"]
[Site "Padron ESP"]
[Date "2011.07.19"]
[Round "2.6"]
[White "Suarez Garcia, Carlos"]
[Black "Urriza Iricibar, Pablo"]
[Result "1/2-1/2"]
[WhiteElo "2250"]
[BlackElo "1963"]
[PlyCount "60"]
[EventDate "2011.07.19"]
[EventType "swiss"]
[EventRounds "9"]
[EventCountry "ESP"]
[Source "lmi"]
[SourceDate "2011.07.19"]

1. d4 Nf6 2. Nf3 e6 3. g3 c5 4. Bg2 Nc6 5. c4 cxd4 6. Nxd4 Bc5 7. Nb3 Be7 8.
Nc3 a6 9. O-O O-O 10. e4 Ne5 11. Qe2 Qc7 12. Nd2 Rd8 13. f4 Nc6 14. e5 Nd4 15.
Qd3 Ng4 16. Kh1 Nf5 17. Nde4 d6 18. Qe2 h5 19. exd6 Bxd6 20. h3 Ngh6 21. b3 Bb4
22. Bb2 b5 23. Kh2 Bb7 24. Rac1 bxc4 25. bxc4 h4 26. gxh4 Nxh4 27. Qf2 N6f5 28.
Bh1 Rd3 29. a3 Be7 30. Ne2 Rad8 1/2-1/2

[Event "Campeonato de España sub-16 2011"]
[Site "Padron ESP"]
[Date "2011.07.19"]
[Round "2.7"]
[White "Palacin Algas, Angel"]
[Black "Alcaraz Ortega, Javier"]
[Result "0-1"]
[WhiteElo "1934"]
[BlackElo "2248"]
[PlyCount "136"]
[EventDate "2011.07.19"]
[EventType "swiss"]
[EventRounds "9"]
[EventCountry "ESP"]
[Source "lmi"]
[SourceDate "2011.07.19"]

1. e4 c6 2. d4 d5 3. e5 Bf5 4. Nf3 e6 5. c3 Nd7 6. Be2 Ne7 7. O-O c5 8. Be3 Nc6
9. Nbd2 Be7 10. Ne1 O-O 11. g4 Bg6 12. f4 cxd4 13. cxd4 f6 14. Nd3 fxe5 15.
fxe5 Qb6 16. Nf3 Be4 17. Qb3 Qxb3 18. axb3 Bd8 19. Nf4 Bb6 20. Nxe6 Rfe8 21.
Nc5 Nxc5 22. dxc5 Bc7 23. Bb5 a6 24. Bxc6 bxc6 25. Bd4 Rab8 26. Nd2 a5 27. Nxe4
dxe4 28. Rfe1 Bxe5 29. Bxe5 Rxe5 30. Rxa5 Rxb3 31. Rf1 Rb8 32. b4 h5 33. gxh5
Rxh5 34. Rb1 Rf5 35. Ra6 Rf6 36. Rb6 Re8 37. b5 cxb5 38. Rxf6 gxf6 39. Rxb5 Kf7
40. c6 Ke6 41. c7 Rc8 42. Rb7 f5 43. Kf2 f4 44. Rb4 Kd5 45. Rb5+ Kd4 46. Rb4+
Kd3 47. Rb3+ Kd2 48. Rb2+ Kc3 49. Rb7 Kd4 50. Rb4+ Kd5 51. Rb5+ Kd6 52. Rf5
Rxc7 53. Rxf4 Ke5 54. Rh4 Kd4 55. Rh8 Rc2+ 56. Ke1 Kd3 57. h4 Rc1+ 58. Kf2 e3+
59. Kg2 e2 60. Rd8+ Kc3 61. Rc8+ Kb2 62. Rb8+ Ka3 63. Ra8+ Kb4 64. Rb8+ Ka5 65.
Re8 e1=Q 66. Rxe1 Rxe1 67. Kg3 Re4 68. h5 Kb5 0-1